<?xml version="1.0" encoding="UTF-8"?><?xml-stylesheet type="text/xsl" href="static/style.xsl"?><OAI-PMH xmlns="http://www.openarchives.org/OAI/2.0/" xmlns:xsi="http://www.w3.org/2001/XMLSchema-instance" xsi:schemaLocation="http://www.openarchives.org/OAI/2.0/ http://www.openarchives.org/OAI/2.0/OAI-PMH.xsd"><responseDate>2026-04-17T05:26:43Z</responseDate><request verb="GetRecord" identifier="oai:www.recercat.cat:2117/329937" metadataPrefix="marc">https://recercat.cat/oai/request</request><GetRecord><record><header><identifier>oai:recercat.cat:2117/329937</identifier><datestamp>2025-07-22T20:56:46Z</datestamp><setSpec>com_2072_1033</setSpec><setSpec>col_2072_452951</setSpec></header><metadata><record xmlns="http://www.loc.gov/MARC21/slim" xmlns:dcterms="http://purl.org/dc/terms/" xmlns:xsi="http://www.w3.org/2001/XMLSchema-instance" xmlns:doc="http://www.lyncode.com/xoai" xsi:schemaLocation="http://www.loc.gov/MARC21/slim http://www.loc.gov/standards/marcxml/schema/MARC21slim.xsd">
   <leader>00925njm 22002777a 4500</leader>
   <datafield ind2=" " ind1=" " tag="042">
      <subfield code="a">dc</subfield>
   </datafield>
   <datafield ind2=" " ind1=" " tag="720">
      <subfield code="a">Serrano Ponce, Xavier</subfield>
      <subfield code="e">author</subfield>
   </datafield>
   <datafield ind2=" " ind1=" " tag="260">
      <subfield code="c">2020-03-20</subfield>
   </datafield>
   <datafield ind2=" " ind1=" " tag="520">
      <subfield code="a">En el presente estudio se analiza la viabilidad técnica de la utilización de baterías de vehículo eléctrico en segunda vida para alimentar diversos objetos conectados, que abarca desde un análisis del mercado actual de vehículos eléctricos hasta su implementación en distintas aplicaciones. &#xd;
Para cada caso, se realiza un análisis del objeto conectado y se propone una serie de baterías en función de las prestaciones requeridas. También se analiza los ciclos que puede realizar la batería en cada aplicación mediante una simulación con el software de Matlab y Excel. &#xd;
Finalmente, se especifica en qué aplicaciones es razonable el uso de baterías de vehículo eléctrico en segunda vida y por qué.</subfield>
   </datafield>
   <datafield ind2=" " ind1=" " tag="520">
      <subfield code="a">This study analyzes the technical feasibility of using electric vehicle batteries in second life to power various IoT applications, ranging from an analysis of the current electric vehicle market to its implementation in several applications.&#xd;
For each case, an analysis of the connected object is carried out and various batteries are proposed depending on the required performance. The cycles that the battery can perform in each application are also analyzed by means of a simulation with Matlab and Excel software.&#xd;
Finally, it is specified in which applications the use of second-life electric vehicle batteries is reasonable and why.</subfield>
   </datafield>
   <datafield tag="653" ind2=" " ind1=" ">
      <subfield code="a">Àrees temàtiques de la UPC::Enginyeria elèctrica::Maquinària i aparells elèctrics</subfield>
   </datafield>
   <datafield tag="653" ind2=" " ind1=" ">
      <subfield code="a">Electric batteries--Recycling</subfield>
   </datafield>
   <datafield tag="653" ind2=" " ind1=" ">
      <subfield code="a">Recycling (Waste, etc.)</subfield>
   </datafield>
   <datafield tag="653" ind2=" " ind1=" ">
      <subfield code="a">Bateries elèctriques -- Reciclatge</subfield>
   </datafield>
   <datafield tag="653" ind2=" " ind1=" ">
      <subfield code="a">Reciclatge (Residus, etc.)</subfield>
   </datafield>
   <datafield ind2="0" ind1="0" tag="245">
      <subfield code="a">Estudio de viabilidad técnica de la utilización de baterías de coche eléctrico para alimentar objetos conectados</subfield>
   </datafield>
</record></metadata></record></GetRecord></OAI-PMH>